000
00323nam a2200133Ia 4500
008
100328s9999 xx 000 0 und d
082
_b
47461
100
_a
ओक संजीव
245
_a
सोहळा
260
_b
सानिया
630
_a
सोहळा
730
_a
सोहळा
942
_c
BOOK
999
_c
535237
_d
535234